| 000 | 00527nam a2200193Ia 4500 | ||
|---|---|---|---|
| 005 | 20250508150853.0 | ||
| 008 | 008 250505s9999 xx 000 0 eng d | ||
| 037 | _aTextual | ||
| 040 |
_aFEDL _beng _cFEDL |
||
| 041 |
_aeng _2eng |
||
| 084 |
_a342.094 7, ADA _qFEDL |
||
| 100 | _aAdams George Burton | ||
| 245 | 0 | _aConstitutional history of England | |
| 260 |
_aLondon, UK _bJonathan Cape _c1949 |
||
| 300 | _axvii,600p | ||
| 650 | _aLaw | ||
| 942 |
_cTEXL _h342.094 7, ADA |
||
| 999 |
_c1326221 _d1326221 |
||